000
00306nam a2200121 a 4500
005
20140414132015.0
008
110314s19uu xx 00 eng d
050
_a
TR
_b
B29 1998
100
_a
Marzollo, Jean
245
_a
Basketball buddies.
260
_a
New York :
_b
Scholastic ,
_c
1998.
999
_c
113358
_d
113358